000 00297nam a22001337a 4500
008 171102b xxu||||| |||| 00| 0 eng d
020 _a9780658000065
041 _aeng
080 _a339.138
100 _a60
101 _aMAR
245 _aTHE CO-MARKETING SOLUTION
_cCLARK.SH
942 _2udc
_cBK
999 _c37300
_d37300